| 000 | 00716nam a22002177a 4500 | ||
|---|---|---|---|
| 999 |
_c16999 _d16999 |
||
| 003 | AR-CdUCM | ||
| 008 | 190223b ||||| |||| 00| 0 spa d | ||
| 040 |
_aMUNICIPALIDAD PROVINCIAL DEL CUSCO _cBIBLIOTECA MUNICIPAL DEL CUSCO |
||
| 082 |
_a918.5 / _bR68 |
||
| 100 |
_aRiva Aguero, José de la _9396 |
||
| 245 | _aPaisajes peruanos / | ||
| 260 |
_aLima : _bPeisa, _c1974. |
||
| 300 |
_a172 páginas ; _c18 cm. |
||
| 440 |
_aBiblioteca peruana ; _911247 |
||
| 505 | _aContenido: Salida del Cuzco -- Las ruinas de Vilcas -- Pomacocha- la puna de Tocto - bajada a Antuhuana... | ||
| 650 |
_aLiteratura _983 |
||
| 650 |
_aPaisaje _91600 |
||
| 650 |
_aViajes _9856 |
||
| 942 |
_2ddc _cLIBROS |
||
| 945 |
_aacv _d2019-05-07 |
||